00436nam a2200145Ia 4500003000400000008004100004040001600045082001600061100004200077245006700119260006100186300000600247650001600253650002100269GCL140319s9999 xx 000 0 eng d aGCL / cGCL04aPb052bS E1 aSOCIETE ORIENTALE DE PUBLICITE(S.O.P)10aTHE EGYPTIAN GAZETTE / cSOCIETE ORIENTALE DE PUBLICITE(S.O.P) a[S.N] : bSOCIETE ORIETALE DE PUBLICITE(S.O.P) ، c1995 a804aPERIODICALS04aEGYPTIAN GAZETTE